[Event "IX Festival Magistrale"]
[Site "Porto San Giorgio ITA"]
[Date "1997.08.22"]
[Round "3"]
[White "Arlandi, Ennio"]
[Black "Palac, Mladen"]
[Result "0-1"]
[WhiteElo "2470"]
[BlackElo "2575"]
[PlyCount "58"]
[EventDate "1997.08.20"]

1.d4 Nf6 2.c4 e6 3.Nc3 Bb4 4.Qc2 O-O 5.a3 Bxc3+ 6.Qxc3 b6 7.b4 a5 8.Bb2 
axb4 9.axb4 Ne4 10.Qb3 Rxa1+ 11.Bxa1 Bb7 12.Nf3 c5 13.b5 cxd4 14.Bxd4 d6 
15.e3 e5 16.Bb2 Nd7 17.Be2 Ng5 18.Ba3 Qf6 19.Nxg5 Qxg5 20.Rg1 Ra8 21.Kd2 
Qh4 22.Bxd6 Nf6 23.Bxe5 Ne4+ 24.Kd1 Qd8+ 25.Ke1 Qd2+ 26.Kf1 Qa5 27.Qc2 
Nd2+ 28.Ke1 Nf3+ 29.Kf1 Qe1# 0-1

[Event "IX Festival Magistrale"]
[Site "Porto San Giorgio ITA"]
[Date "1997.08.22"]
[Round "3"]
[White "Cristiani, Cesare"]
[Black "De Vita, Gianni"]
[Result "0-1"]
[WhiteElo "2080"]
[BlackElo "2155"]
[PlyCount "70"]
[EventDate "1997.08.20"]

1.d4 d5 2.c4 c6 3.Nf3 e6 4.Nc3 f5 5.g3 Nf6 6.Bg2 Bd6 7.O-O O-O 8.b3 Nbd7 
9.Bf4 Qc7 10.Bxd6 Qxd6 11.cxd5 exd5 12.e3 Ne4 13.Qc2 Qh6 14.h4 Ndf6 15.Ne2
Ng4 16.Nf4 Bd7 17.Nd3 Rae8 18.Nde5 Bc8 19.Nxg4 fxg4 20.Ne5 Bf5 21.Qe2 Qh5 
22.Kh2 g5 23.Bxe4 gxh4 24.Kg1 dxe4 25.Rac1 Rf6 26.Rc5 Rh6 27.Qc4+ Be6 28.
Qe2 hxg3 29.fxg3 Qh1+ 30.Kf2 Rh2+ 31.Ke1 Rxe2+ 32.Kxe2 Qg2+ 33.Rf2 Qxg3 
34.Nc4 Bd5 35.Ne5 Rf8 0-1

[Event "IX Festival Magistrale"]
[Site "Porto San Giorgio ITA"]
[Date "1997.08.22"]
[Round "3"]
[White "Isonzo, David"]
[Black "Marchiando, Giorgio"]
[Result "1-0"]
[WhiteElo "2205"]
[BlackElo "1900"]
[PlyCount "39"]
[EventDate "1997.08.20"]

1.e4 e6 2.d4 d5 3.Nc3 dxe4 4.Nxe4 Nd7 5.Nf3 Ngf6 6.Nxf6+ Nxf6 7.Bd3 c5 8.
O-O Be7 9.dxc5 Bxc5 10.Qe2 O-O 11.Bg5 h6 12.Bh4 Re8 13.Rfd1 Qe7 14.Ne5 a6 
15.Ng4 g5 16.Nxh6+ Kg7 17.Bxg5 Rh8 18.Ng4 Nxg4 19.Qxg4 Qc7 20.Be7+ 1-0

[Event "IX Festival Magistrale"]
[Site "Porto San Giorgio ITA"]
[Date "1997.08.22"]
[Round "3"]
[White "Lazarev, Vladimir"]
[Black "Sebastianelli, Diego"]
[Result "1-0"]
[WhiteElo "2500"]
[BlackElo "2345"]
[PlyCount "69"]
[EventDate "1997.08.20"]

1.d4 Nf6 2.c4 e6 3.Nc3 Bb4 4.Qc2 d5 5.cxd5 exd5 6.Bg5 h6 7.Bh4 O-O 8.e3 
Be6 9.Bd3 Nbd7 10.Ne2 Re8 11.O-O Bd6 12.f3 c6 13.h3 Be7 14.Rad1 a6 15.Kh1 
Qc8 16.e4 Nxe4 17.fxe4 Bxh4 18.Nf4 dxe4 19.Nxe4 Qb8 20.Nxe6 fxe6 21.Qe2 
Nf8 22.Qg4 Qd8 23.Nc5 Bf6 24.Nxb7 Qe7 25.Na5 Rec8 26.Be4 Kh8 27.Nxc6 Qe8 
28.Na5 Rab8 29.b3 Rb4 30.Nc4 Rd8 31.d5 exd5 32.Bxd5 Rb5 33.Qf3 Rc5 34.Be4 
Rxd1 35.Rxd1 1-0

[Event "IX Festival Magistrale"]
[Site "Porto San Giorgio ITA"]
[Date "1997.08.22"]
[Round "3"]
[White "Marzano, Carlo"]
[Black "Iotti, Pierluigi"]
[Result "0-1"]
[WhiteElo "2160"]
[BlackElo "2310"]
[PlyCount "80"]
[EventDate "1997.08.20"]

1.d4 Nf6 2.Nf3 b6 3.Bg5 e6 4.Nbd2 Bb7 5.e3 Be7 6.Bd3 c5 7.c3 d6 8.e4 cxd4 
9.cxd4 O-O 10.O-O Nc6 11.a3 h6 12.Be3 Re8 13.h3 Bf8 14.Rc1 a6 15.Qe2 Nd7 
16.Rc2 b5 17.Rfc1 Rc8 18.Nb1 Nb6 19.Nfd2 g6 20.f3 e5 21.Nb3 Bg7 22.d5 Nd4 
23.Nxd4 exd4 24.Rxc8 Bxc8 25.Bf2 Nxd5 26.Qd2 Ne3 27.b4 Qg5 28.Bf1 Bxh3 29.
f4 Nxf1 30.fxg5 Nxd2 31.Nxd2 Rc8 32.Rxc8+ Bxc8 33.gxh6 Bxh6 34.Nf3 d3 35.
Be1 Bb7 36.Bd2 Bg7 37.Ng5 Bb2 38.Kf2 f6 39.Ne6 Bxe4 40.Nc7 Bd4+ 0-1

[Event "IX Festival Magistrale"]
[Site "Porto San Giorgio ITA"]
[Date "1997.08.22"]
[Round "3"]
[White "Nataf, Igor-Alexandre"]
[Black "Korneev, Oleg"]
[Result "0-1"]
[WhiteElo "2440"]
[BlackElo "2565"]
[PlyCount "86"]
[EventDate "1997.08.20"]

1.e4 e5 2.Nf3 Nc6 3.d4 exd4 4.Nxd4 Bc5 5.Nxc6 Qf6 6.Qd2 dxc6 7.Nc3 Be6 8.
Na4 Rd8 9.Bd3 Bd4 10.O-O Qh4 11.Qg5 Qxg5 12.Bxg5 f6 13.Bf4 b5 14.Nc3 Rd7 
15.Rfb1 Ne7 16.Ne2 Bb6 17.b4 Ng6 18.a4 Bg4 19.Be3 Bxe3 20.fxe3 Rxd3 21.
cxd3 Bxe2 22.Rb3 bxa4 23.Rc3 Ne5 24.d4 Nf7 25.Rxc6 Kd7 26.Rc5 a6 27.Rxa4 
Bb5 28.Ra2 Re8 29.Rac2 c6 30.d5 Rxe4 31.dxc6+ Kc7 32.Rd5 Ne5 33.Rcd2 Rxb4 
34.Rd8 Rb1+ 35.Kf2 Rb2 36.Rxb2 Kxd8 37.Kg3 Kc7 38.h4 h5 39.Rd2 a5 40.Rd5 
Kxc6 41.Rd8 a4 42.Rg8 a3 43.Rxg7 Kb6 0-1

[Event "IX Festival Magistrale"]
[Site "Porto San Giorgio ITA"]
[Date "1997.08.22"]
[Round "3"]
[White "Negrini, Claudio"]
[Black "Astengo, Marcello"]
[Result "1-0"]
[WhiteElo "2310"]
[BlackElo "2040"]
[PlyCount "69"]
[EventDate "1997.08.20"]

1.e4 e6 2.Nc3 c5 3.Nf3 Nc6 4.d4 d5 5.Bg5 Be7 6.Bxe7 Ngxe7 7.dxc5 Qa5 8.Bb5
O-O 9.O-O Rd8 10.Nd4 dxe4 11.Bxc6 Nxc6 12.Nxc6 bxc6 13.Qh5 f5 14.Rfd1 Ba6 
15.Rd6 e3 16.Qh4 e2 17.b4 Qc7 18.Qd4 Rxd6 19.cxd6 Qd7 20.f4 Rd8 21.Kf2 
Qxd6 22.Qxd6 Rxd6 23.Ke3 c5 24.bxc5 Rc6 25.Kd4 Rc8 26.Re1 Rd8+ 27.Ke3 Rb8 
28.Nxe2 Rb2 29.Nd4 Kf7 30.Kd2 Rxa2 31.Nxe6 Bc4 32.Nd8+ Kf6 33.c6 Bb3 34.
Kc3 Ba4 35.Re6# 1-0

[Event "IX Festival Magistrale"]
[Site "Porto San Giorgio ITA"]
[Date "1997.08.22"]
[Round "3"]
[White "Piva, Giorgio"]
[Black "Del Dotto, Riccardo"]
[Result "1-0"]
[WhiteElo "2170"]
[BlackElo "1989"]
[PlyCount "63"]
[EventDate "1997.08.20"]

1.d4 Nf6 2.c4 c5 3.d5 e6 4.Nc3 exd5 5.cxd5 d6 6.e4 g6 7.Nge2 Bg7 8.Ng3 O-O
9.Be2 a6 10.a4 Re8 11.O-O Nbd7 12.Bg5 h6 13.Be3 Rb8 14.Qd2 Kh7 15.f4 Qe7 
16.e5 dxe5 17.d6 Qd8 18.f5 g5 19.Nce4 b6 20.Bxg5 Nxe4 21.Nxe4 hxg5 22.
Nxg5+ Kg8 23.Nxf7 Qh4 24.Ng5 Bb7 25.Ra3 Bh6 26.Rg3 Bxg5 27.Rxg5+ Kf8 28.
Rg4 Qh7 29.f6 Red8 30.f7 Nf6 31.Rxf6 Qb1+ 32.Bf1 1-0

[Event "IX Festival Magistrale"]
[Site "Porto San Giorgio ITA"]
[Date "1997.08.22"]
[Round "3"]
[White "Voltolini, Giuseppe"]
[Black "Sbraccia, Giovanni"]
[Result "1-0"]
[WhiteElo "2250"]
[BlackElo "2002"]
[PlyCount "87"]
[EventDate "1997.08.20"]

1.e4 c6 2.d4 d5 3.Nc3 dxe4 4.Nxe4 Bf5 5.Ng3 Bg6 6.Nf3 Nd7 7.h4 h6 8.h5 Bh7
9.Bd3 Bxd3 10.Qxd3 Ngf6 11.Bd2 e6 12.O-O-O Qc7 13.Kb1 O-O-O 14.Ne4 Nc5 15.
Nxc5 Bxc5 16.c4 Rhe8 17.Bc3 Bf8 18.Qc2 c5 19.d5 exd5 20.Bxf6 gxf6 21.cxd5 
Rd6 22.Rd2 b5 23.Rhd1 Kb7 24.Nh4 Ra6 25.Nf5 Bd6 26.g3 c4 27.Re2 Rd8 28.
Nxh6 b4 29.Re4 Rc8 30.Nf5 Be5 31.b3 Qa5 32.d6 cxb3 33.Qxb3 Bc3 34.Qd5+ Kb8
35.d7 Rd8 36.Qxa5 Rxa5 37.Ne7 Rc5 38.g4 Kc7 39.h6 a5 40.h7 f5 41.Nxf5 Bf6 
42.Nd6 Be5 43.Nxf7 Bf6 44.Nxd8 1-0

[Event "IX Festival Magistrale"]
[Site "Porto San Giorgio ITA"]
[Date "1997.08.23"]
[Round "4"]
[White "Agnello, Giuseppe"]
[Black "Negrini, Claudio"]
[Result "0-1"]
[WhiteElo "2175"]
[BlackElo "2310"]
[PlyCount "54"]
[EventDate "1997.08.20"]

1.e4 e5 2.Nf3 f5 3.Nxe5 Qf6 4.Nc4 fxe4 5.Nc3 Qf7 6.Ne3 c6 7.Nxe4 d5 8.Ng5 
Qf6 9.Nf3 Bd6 10.d4 Be6 11.g3 Nd7 12.Bg2 Ne7 13.O-O O-O-O 14.b3 g5 15.Bb2 
Ng6 16.c4 Rhg8 17.cxd5 cxd5 18.Qd2 Nf4 19.gxf4 gxf4 20.Qa5 Kb8 21.Ba3 Bh3 
22.Bxd6+ Qxd6 23.Ne1 Nf6 24.Kh1 Qe6 25.N3c2 Bxg2+ 26.Nxg2 Qh3 27.Rg1 Ng4 
0-1

[Event "IX Festival Magistrale"]
[Site "Porto San Giorgio ITA"]
[Date "1997.08.23"]
[Round "4"]
[White "Glek, Igor V."]
[Black "Naumkin, Igor"]
[Result "1-0"]
[WhiteElo "2505"]
[BlackElo "2410"]
[PlyCount "81"]
[EventDate "1997.08.20"]

1.e4 e5 2.Nf3 Nc6 3.Bb5 a6 4.Bxc6 dxc6 5.O-O Qd6 6.Na3 Be6 7.Qe2 f6 8.Rd1 
c5 9.c3 Bg4 10.h3 Bxf3 11.Qxf3 Ne7 12.d4 cxd4 13.cxd4 exd4 14.Bf4 Qd7 15.
Rac1 Nc6 16.Nc2 Be7 17.Qb3 g5 18.Bg3 b5 19.Ne3 Na5 20.Qd5 Qxd5 21.Nxd5 c5 
22.Nxe7 Kxe7 23.Rxc5 Rac8 24.Rxd4 Rxc5 25.Bd6+ Ke6 26.Bxc5 Rc8 27.Rd6+ Ke5
28.Rxa6 Rxc5 29.Rxa5 Kxe4 30.Kh2 Rd5 31.a3 h5 32.b3 Kf4 33.a4 Rd2 34.axb5 
Rd5 35.Ra4+ Ke5 36.Rb4 Rd7 37.b6 Rb7 38.h4 g4 39.Kg3 f5 40.Rb5+ Ke4 41.f3+
1-0

[Event "IX Festival Magistrale"]
[Site "Porto San Giorgio ITA"]
[Date "1997.08.23"]
[Round "4"]
[White "Korneev, Oleg"]
[Black "Cebalo, Miso"]
[Result "1-0"]
[WhiteElo "2565"]
[BlackElo "2485"]
[PlyCount "63"]
[EventDate "1997.08.20"]

1.e4 c5 2.Nf3 Nc6 3.d4 cxd4 4.Nxd4 g6 5.c4 Bg7 6.Be3 Nf6 7.Nc3 d6 8.Be2 
O-O 9.O-O Bd7 10.Qd2 Nxd4 11.Bxd4 Bc6 12.f3 a5 13.b3 Nd7 14.Be3 Nc5 15.
Rab1 e6 16.Rfd1 Be5 17.g3 Qe7 18.Nb5 b6 19.Bg5 f6 20.Bh6 Rfd8 21.f4 Bxe4 
22.Rbc1 g5 23.fxe5 dxe5 24.Qe3 Kf7 25.Nc3 Bf5 26.g4 Bg6 27.Rf1 Kg8 28.Qf3 
Nd7 29.Rcd1 f5 30.gxf5 exf5 31.Nd5 Qc5+ 32.Qf2 1-0

[Event "IX Festival Magistrale"]
[Site "Porto San Giorgio ITA"]
[Date "1997.08.23"]
[Round "4"]
[White "Palac, Mladen"]
[Black "Lazarev, Vladimir"]
[Result "0-1"]
[WhiteElo "2575"]
[BlackElo "2500"]
[PlyCount "42"]
[EventDate "1997.08.20"]

1.e4 c5 2.Nf3 d6 3.d4 cxd4 4.Nxd4 Nf6 5.Nc3 a6 6.Be3 e6 7.g4 h6 8.Qe2 Nc6 
9.O-O-O Qc7 10.f4 g6 11.h3 Bd7 12.Bg2 Be7 13.Rhf1 Na5 14.Kb1 Rc8 15.Nf3 
Nc4 16.Bg1 Nxb2 17.Bd4 Nxd1 18.Rxd1 O-O 19.h4 Qa5 20.g5 Nh5 21.gxh6 Rxc3 
0-1

[Event "IX Festival Magistrale"]
[Site "Porto San Giorgio ITA"]
[Date "1997.08.23"]
[Round "4"]
[White "Passoni, Carlo"]
[Black "Khenkin, Igor"]
[Result "0-1"]
[WhiteElo "2200"]
[BlackElo "2550"]
[PlyCount "86"]
[EventDate "1997.08.20"]

1.e4 c6 2.d4 d5 3.Nc3 dxe4 4.Nxe4 Bf5 5.Ng3 Bg6 6.Nf3 Nf6 7.Bd3 e6 8.h4 
Bd6 9.h5 Bxd3 10.Qxd3 Bxg3 11.fxg3 h6 12.Bd2 Qd5 13.Rh4 Nbd7 14.c4 Qd6 15.
O-O-O b5 16.Bf4 Qb4 17.Ne5 Rc8 18.Nxd7 Kxd7 19.c5 Rcd8 20.Kb1 Kc8 21.Bd6 
Nd5 22.Rc1 Rd7 23.Rg4 Rg8 24.Be5 f6 25.Bd6 f5 26.Rh4 Qa5 27.Qc2 Re8 28.g4 
Nf6 29.gxf5 exf5 30.Be5 Ne4 31.Rxe4 fxe4 32.Qxe4 Kb7 33.Qg6 Red8 34.Bxg7 
Rg8 35.d5 Rdxg7 36.Qxc6+ Kb8 37.Qxh6 Rxg2 38.Qf4+ Ka8 39.h6 Qa4 40.Qxa4 
bxa4 41.c6 Rg1 42.h7 Rxc1+ 43.Kxc1 Rh8 0-1

[Event "IX Festival Magistrale"]
[Site "Porto San Giorgio ITA"]
[Date "1997.08.23"]
[Round "4"]
[White "Piva, Giorgio"]
[Black "Isonzo, David"]
[Result "0-1"]
[WhiteElo "2170"]
[BlackElo "2205"]
[PlyCount "28"]
[EventDate "1997.08.20"]

1.d4 Nf6 2.c4 g6 3.Nc3 Bg7 4.e4 d6 5.f3 O-O 6.Be3 e5 7.Nge2 c6 8.Qd2 Nbd7 
9.O-O-O a6 10.g4 b5 11.d5 cxd5 12.cxd5 Nb6 13.Bh6 Nc4 14.Qg5 Nxg4 0-1

[Event "IX Festival Magistrale"]
[Site "Porto San Giorgio ITA"]
[Date "1997.08.23"]
[Round "4"]
[White "Rotstein, Arkadij"]
[Black "Golubovic, Boris"]
[Result "1-0"]
[WhiteElo "2455"]
[BlackElo "2435"]
[PlyCount "84"]
[EventDate "1997.08.20"]

1.c4 g6 2.g3 Bg7 3.Bg2 d6 4.Nc3 e5 5.Nf3 Nc6 6.O-O Nf6 7.d3 h6 8.Rb1 a5 9.
a3 O-O 10.b4 axb4 11.axb4 Be6 12.Nd2 d5 13.b5 Ne7 14.Qb3 c6 15.Ba3 Re8 16.
Ra1 Nf5 17.Bb2 Nd4 18.Rxa8 Qxa8 19.Qd1 h5 20.e3 Nf5 21.e4 Ne7 22.exd5 cxd5
23.Re1 Qb8 24.Qe2 d4 25.Nce4 Nxe4 26.Nxe4 Qc7 27.Ra1 b6 28.Bc1 Nf5 29.Bg5 
Rb8 30.h4 Nh6 31.Ra4 Ng4 32.Qa2 Kh8 33.Ra7 Rb7 34.Rxb7 Qxb7 35.Qa6 Qb8 36.
c5 bxc5 37.Nxc5 Bc8 38.Qc6 Bf5 39.b6 e4 40.Bxe4 Bxe4 41.Nxe4 Ne5 42.Qc7 
Qa8 1-0

[Event "IX Festival Magistrale"]
[Site "Porto San Giorgio ITA"]
[Date "1997.08.23"]
[Round "4"]
[White "Ruzzier, Dario"]
[Black "Campanile, Roberto"]
[Result "0-1"]
[WhiteElo "2100"]
[BlackElo "1968"]
[PlyCount "72"]
[EventDate "1997.08.20"]

1.d4 Nf6 2.c4 g6 3.Nc3 Bg7 4.e4 d6 5.Nf3 O-O 6.Be2 Nbd7 7.O-O e5 8.d5 Nc5 
9.Qc2 a5 10.Bg5 h6 11.Bd2 Nfd7 12.Ne1 f5 13.f3 f4 14.Nd3 g5 15.b3 Nxd3 16.
Qxd3 h5 17.a3 Rf7 18.b4 Bf8 19.Rac1 Rg7 20.h3 g4 21.fxg4 Nf6 22.gxh5 Qe8 
23.Nb5 Nxh5 24.Be1 axb4 25.axb4 Ra2 26.Nc3 Ra3 27.Kh2 Qg6 28.Qf3 Be7 29.
Rg1 Nf6 30.Bf2 Ng4+ 31.Kh1 Rh7 32.Be1 Ne3 33.Bf2 Bg4 34.Qxg4 Nxg4 35.Bxg4 
Qxg4 36.Kh2 Bh4 0-1

[Event "IX Festival Magistrale"]
[Site "Porto San Giorgio ITA"]
[Date "1997.08.23"]
[Round "4"]
[White "Safranska, Anda"]
[Black "Dautov, Rustem"]
[Result "1-0"]
[WhiteElo "2270"]
[BlackElo "2595"]
[PlyCount "121"]
[EventDate "1997.08.20"]

1.e4 c6 2.d3 d5 3.Nd2 g6 4.g3 Bg7 5.Bg2 e5 6.Ngf3 Ne7 7.O-O O-O 8.a4 Qc7 
9.Qe2 Nd7 10.Re1 b6 11.a5 Ba6 12.Qd1 d4 13.Ng5 b5 14.Rf1 h6 15.Nh3 c5 16.
f4 c4 17.f5 Rac8 18.g4 cxd3 19.cxd3 Qc2 20.Qf3 b4 21.Nf2 g5 22.Re1 f6 23.
Bf1 Nc5 24.Be2 Nb3 25.Bd1 Nxa1 26.Bxc2 Rxc2 27.Nc4 Nb3 28.Bxg5 hxg5 29.h4 
gxh4 30.g5 fxg5 31.Ng4 Bxc4 32.dxc4 Rxb2 33.f6 Nd2 34.Qf2 Ng6 35.Qf5 Nf4 
36.Kh1 Nh5 37.Qe6+ Kh7 38.Qf5+ Kg8 39.Qe6+ Rf7 40.Qe8+ Rf8 41.Qe6+ Kh8 42.
fxg7+ Nxg7 43.Qh6+ Kg8 44.Nf6+ Rxf6 45.Qxf6 b3 46.c5 Rc2 47.c6 b2 48.c7 
Kh7 49.Qf2 d3 50.c8=Q Rxc8 51.Qxd2 Rc2 52.Qxg5 h3 53.Qh4+ Kg8 54.Qd8+ Kh7 
55.Qxd3 Rc1 56.Qxh3+ Kg6 57.Qe3 b1=Q 58.Rxc1 Qb5 59.Qxa7 Qe2 60.Qg1+ Kf7 
61.Qf1+ 1-0

[Event "IX Festival Magistrale"]
[Site "Porto San Giorgio ITA"]
[Date "1997.08.23"]
[Round "4"]
[White "Schweiger, Georg"]
[Black "De Vita, Igor"]
[Result "1-0"]
[WhiteElo "2230"]
[BlackElo "2115"]
[PlyCount "67"]
[EventDate "1997.08.20"]

1.f4 g6 2.Nf3 Bg7 3.g3 d5 4.Bg2 Nf6 5.O-O O-O 6.d3 c5 7.Nc3 d4 8.Ne4 Qc7 
9.Nh4 Nbd7 10.f5 Nxe4 11.dxe4 Ne5 12.Bf4 Qb6 13.Rb1 Bd7 14.Qc1 Bb5 15.Bxe5
Bxe5 16.Qg5 Bf6 17.Qg4 Qa6 18.Rf2 Qxa2 19.Rbf1 Bd7 20.e5 Bxe5 21.Bxb7 Rab8
22.Qe4 Qxb2 23.fxg6 hxg6 24.Nxg6 fxg6 25.Bd5+ e6 26.Qxg6+ Bg7 27.Be4 Rxf2 
28.Qh7+ Kf8 29.Rxf2+ Ke7 30.Qxg7+ Kd6 31.Qg5 Rb5 32.Qf4+ e5 33.Qf6+ Be6 
34.Qd8+ 1-0

[Event "IX Festival Magistrale"]
[Site "Porto San Giorgio ITA"]
[Date "1997.08.23"]
[Round "4"]
[White "Sebastianelli, Diego"]
[Black "Mrdja, Milan"]
[Result "0-1"]
[WhiteElo "2345"]
[BlackElo "2390"]
[PlyCount "74"]
[EventDate "1997.08.20"]

1.e4 c5 2.Nf3 d6 3.d4 cxd4 4.Nxd4 Nf6 5.Nc3 a6 6.Be3 e5 7.Nf3 Be7 8.a4 O-O
9.Bc4 Be6 10.Qe2 Qc7 11.Bb3 h6 12.O-O Nbd7 13.Nd2 Rac8 14.Kh1 Nc5 15.Bxe6 
Nxe6 16.Nb3 Rfe8 17.Rfd1 Bf8 18.Qf3 Qe7 19.a5 Rc4 20.Nd2 Rcc8 21.Ra4 Nc7 
22.Raa1 d5 23.exd5 e4 24.Ndxe4 Nxe4 25.Nxe4 Qxe4 26.d6 Qxf3 27.gxf3 Rxe3 
28.fxe3 Ne6 29.d7 Rd8 30.c3 Bc5 31.e4 Kf8 32.b4 Be3 33.Rd3 Bf4 34.c4 Ke7 
35.Rad1 Bc7 36.b5 axb5 37.cxb5 Bxa5 0-1

[Event "IX Festival Magistrale"]
[Site "Porto San Giorgio ITA"]
[Date "1997.08.24"]
[Round "5"]
[White "Campanile, Roberto"]
[Black "Del Dotto, Riccardo"]
[Result "0-1"]
[WhiteElo "1968"]
[BlackElo "1989"]
[PlyCount "76"]
[EventDate "1997.08.20"]

1.d4 Nf6 2.Nf3 c5 3.d5 e6 4.c4 exd5 5.cxd5 d6 6.Nc3 g6 7.e4 Bg7 8.Be2 O-O 
9.O-O Re8 10.Nd2 Nbd7 11.f4 a6 12.a4 Qc7 13.Qc2 Rb8 14.a5 b5 15.axb6 Nxb6 
16.h3 Nfxd5 17.exd5 Bxc3 18.bxc3 Rxe2 19.c4 Qe7 20.Ra3 Bf5 21.Qc3 Re8 22.
Rf3 Nd7 23.Rxa6 Be4 24.Bb2 f6 25.Nxe4 Qxe4 26.Rxd6 Rc2 27.Rxd7 Rxc3 28.
Bxc3 Rf8 29.Rd6 Qxc4 30.Bxf6 Rxf6 31.Rxf6 Qd4+ 32.Kh2 Qxf6 33.Kg3 Qd6 34.
Rd3 g5 35.Rf3 c4 36.h4 gxf4+ 37.Rxf4 c3 38.Kg4 Qxf4+ 0-1

[Event "IX Festival Magistrale"]
[Site "Porto San Giorgio ITA"]
[Date "1997.08.24"]
[Round "5"]
[White "Cvitan, Ognjen"]
[Black "Borgo, Giulio"]
[Result "1/2-1/2"]
[WhiteElo "2570"]
[BlackElo "2370"]
[PlyCount "77"]
[EventDate "1997.08.20"]

1.d4 Nf6 2.c4 e6 3.Nf3 c6 4.g3 d5 5.Bg2 Be7 6.O-O O-O 7.Qc2 Nbd7 8.b3 b6 
9.Rd1 Bb7 10.Nc3 Rc8 11.e4 dxe4 12.Nxe4 c5 13.Nxf6+ Bxf6 14.Ng5 Bxg5 15.
Bxb7 Rc7 16.dxc5 Bxc1 17.Raxc1 bxc5 18.Bg2 Qe7 19.Rd2 Nf6 20.Rcd1 g6 21.
Qc3 h5 22.h3 Rfc8 23.f4 Rd7 24.Rxd7 Nxd7 25.Bf3 Rc7 26.Kg2 Nf8 27.Qe5 f6 
28.Qc3 Rd7 29.Rxd7 Nxd7 30.a3 Kf7 31.Qd2 Nb6 32.Kf2 Qc7 33.h4 Nc8 34.f5 
exf5 35.Qh6 Ne7 36.Bd5+ Nxd5 37.cxd5 Qe5 38.Qh7+ Kf8 39.Qd7 1/2-1/2

[Event "IX Festival Magistrale"]
[Site "Porto San Giorgio ITA"]
[Date "1997.08.24"]
[Round "5"]
[White "Dautov, Rustem"]
[Black "Citti, Gianluca"]
[Result "1-0"]
[WhiteElo "2595"]
[BlackElo "1908"]
[PlyCount "75"]
[EventDate "1997.08.20"]

1.d4 Nf6 2.Nf3 c5 3.d5 d6 4.Nc3 g6 5.e4 Bg7 6.Be2 Nbd7 7.O-O O-O 8.a4 b6 
9.Bf4 Nh5 10.Be3 Nhf6 11.h3 Kh8 12.Qd2 Ng8 13.Rfe1 a6 14.Bf1 Qc7 15.Bf4 
Bb7 16.Rad1 Rad8 17.Bc4 Qb8 18.Qe2 Qa8 19.e5 Nxe5 20.Nxe5 dxe5 21.Bxe5 Nf6
22.Bc7 Rxd5 23.Nxd5 Nxd5 24.Bxd5 Bxd5 25.Qxe7 h6 26.f3 Kh7 27.c3 Bb3 28.
Rd8 Rxd8 29.Qxd8 Qc6 30.Bxb6 Bxa4 31.Qc7 Qb5 32.Bxc5 Qxb2 33.Qxf7 Qxc3 34.
Bf2 Bb3 35.Qd7 a5 36.Re7 Qc1+ 37.Kh2 Qf4+ 38.Bg3 1-0

[Event "IX Festival Magistrale"]
[Site "Porto San Giorgio ITA"]
[Date "1997.08.24"]
[Round "5"]
[White "De Vita, Igor"]
[Black "Marchiando, Giorgio"]
[Result "1-0"]
[WhiteElo "2115"]
[BlackElo "1900"]
[PlyCount "87"]
[EventDate "1997.08.20"]

1.e4 e6 2.d3 d5 3.Nd2 c5 4.Ngf3 Nc6 5.g3 Bd6 6.Bg2 Nge7 7.O-O O-O 8.Re1 
Re8 9.Nf1 b6 10.h4 Bb7 11.e5 Bc7 12.h5 Qb8 13.Bf4 d4 14.g4 Nd5 15.Bg3 f6 
16.exf6 gxf6 17.N3d2 Bxg3 18.Nxg3 Ne5 19.Nde4 Rf8 20.Qd2 Nxg4 21.Bh3 Ne5 
22.Nxf6+ Kh8 23.Rxe5 Qxe5 24.Nd7 Qf4 25.Qe2 Qf3 26.Nxf8 Qxe2 27.Nxe2 Rxf8 
28.Bxe6 Re8 29.Bxd5 Bxd5 30.Ng3 Re5 31.a4 Kg7 32.a5 b5 33.a6 Bc6 34.b4 c4 
35.dxc4 bxc4 36.Rd1 Rd5 37.Rxd4 Rxd4 38.Nf5+ Kf6 39.Nxd4 Bd7 40.b5 Bc8 41.
Nc6 Ke6 42.Nxa7 Kd7 43.Nxc8 Kxc8 44.b6 1-0

[Event "IX Festival Magistrale"]
[Site "Porto San Giorgio ITA"]
[Date "1997.08.24"]
[Round "5"]
[White "Golubovic, Boris"]
[Black "Lauria, Amilcare"]
[Result "1-0"]
[WhiteElo "2435"]
[BlackElo "1917"]
[PlyCount "51"]
[EventDate "1997.08.20"]

1.e4 g6 2.d4 Bg7 3.Nc3 d6 4.g3 c6 5.a4 a5 6.Bg2 Nf6 7.Nge2 O-O 8.O-O Na6 
9.h3 e5 10.Be3 Qe7 11.Qd2 Nb4 12.g4 h5 13.f3 Re8 14.Ng3 hxg4 15.hxg4 Nh7 
16.Nce2 c5 17.d5 b6 18.Rf2 Rf8 19.Bf1 Bd7 20.Nc3 Bf6 21.Bb5 Bc8 22.Raf1 
Bg5 23.Nd1 Kg7 24.Rh2 f6 25.Kg2 Ba6 26.c3 1-0

[Event "IX Festival Magistrale"]
[Site "Porto San Giorgio ITA"]
[Date "1997.08.24"]
[Round "5"]
[White "Khenkin, Igor"]
[Black "Rotstein, Arkadij"]
[Result "1-0"]
[WhiteElo "2550"]
[BlackElo "2455"]
[PlyCount "65"]
[EventDate "1997.08.20"]

1.d4 e6 2.c4 f5 3.g3 Nf6 4.Bg2 Bb4+ 5.Nd2 O-O 6.Nf3 a5 7.O-O b6 8.Nb1 Be7 
9.Ne5 Ne4 10.Nc3 Nxc3 11.bxc3 Ra7 12.e4 Bb7 13.Re1 Bf6 14.Ba3 Re8 15.exf5 
Bxg2 16.Kxg2 exf5 17.Qf3 Bxe5 18.Rxe5 Rxe5 19.dxe5 Qe8 20.Qxf5 Qf7 21.
Qxf7+ Kxf7 22.Rd1 Ke6 23.f4 Na6 24.Rd5 Nc5 25.Kf3 Na4 26.g4 g6 27.Rd3 Nc5 
28.Bxc5 bxc5 29.Ke4 Rb7 30.f5+ Ke7 31.Rh3 h5 32.fxg6 hxg4 33.Rh8 1-0

[Event "IX Festival Magistrale"]
[Site "Porto San Giorgio ITA"]
[Date "1997.08.24"]
[Round "5"]
[White "Lazarev, Vladimir"]
[Black "Korneev, Oleg"]
[Result "1/2-1/2"]
[WhiteElo "2500"]
[BlackElo "2565"]
[PlyCount "85"]
[EventDate "1997.08.20"]

1.d4 d5 2.c4 e6 3.Nf3 Nf6 4.Nc3 Be7 5.Bg5 h6 6.Bh4 O-O 7.e3 Ne4 8.Bxe7 
Qxe7 9.Rc1 c6 10.Bd3 Nxc3 11.Rxc3 Nd7 12.O-O e5 13.dxe5 dxc4 14.Bxc4 Nxe5 
15.Nxe5 Qxe5 16.Qb3 b6 17.Rd1 Bf5 18.Bd3 Be6 19.Qa4 c5 20.Rc2 a6 21.h3 g6 
22.Qc6 c4 23.Be2 b5 24.Rd4 Rac8 25.Qb6 Rb8 26.Qa5 Qc5 27.Rcd2 Qb6 28.Qb4 
Qc7 29.Rd6 a5 30.Qc3 Rfd8 31.Qe5 Rxd6 32.Rxd6 Rc8 33.Bg4 Bxg4 34.hxg4 b4 
35.Qd5 Qc5 36.Rxg6+ Kf8 37.Qf3 c3 38.bxc3 bxc3 39.Qf6 c2 40.Qh8+ Ke7 41.
Qf6+ Kf8 42.Qh8+ Ke7 43.Qf6+ 1/2-1/2

[Event "IX Festival Magistrale"]
[Site "Porto San Giorgio ITA"]
[Date "1997.08.24"]
[Round "5"]
[White "Marzano, Carlo"]
[Black "Sebastianelli, Diego"]
[Result "1/2-1/2"]
[WhiteElo "2160"]
[BlackElo "2345"]
[PlyCount "73"]
[EventDate "1997.08.20"]

1.d4 e6 2.Nf3 c5 3.e3 Nf6 4.Bd3 b6 5.O-O Be7 6.c3 Ba6 7.Bxa6 Nxa6 8.e4 O-O
9.d5 exd5 10.exd5 d6 11.c4 Nc7 12.Nc3 Rb8 13.a4 a6 14.Re1 Re8 15.Qd3 Qd7 
16.h3 h6 17.Bf4 Bf8 18.Rxe8 Rxe8 19.Rb1 b5 20.axb5 axb5 21.cxb5 Rb8 22.b4 
c4 23.Qxc4 Nxb5 24.Nxb5 Rxb5 25.Nd4 Rxd5 26.b5 Rc5 27.Qb3 Nd5 28.b6 Qb7 
29.Bg3 Ra5 30.Nc6 Rc5 31.Nd8 Qb8 32.b7 Be7 33.Qxd5 Rxd5 34.Nc6 Rd1+ 35.
Rxd1 Qxb7 36.Nxe7+ Qxe7 37.Rxd6 1/2-1/2

[Event "IX Festival Magistrale"]
[Site "Porto San Giorgio ITA"]
[Date "1997.08.24"]
[Round "5"]
[White "Nataf, Igor-Alexandre"]
[Black "Safranska, Anda"]
[Result "1-0"]
[WhiteElo "2440"]
[BlackElo "2270"]
[PlyCount "63"]
[EventDate "1997.08.20"]

1.e4 d6 2.d4 Nf6 3.Nc3 g6 4.f4 Bg7 5.Nf3 O-O 6.Bd3 c6 7.O-O Na6 8.a3 b6 9.
Qe1 Nc7 10.Qh4 c5 11.d5 e6 12.dxe6 fxe6 13.e5 Nfd5 14.Ng5 h6 15.Bxg6 Ba6 
16.Nxd5 exd5 17.Re1 dxe5 18.fxe5 Ne6 19.Nf3 Qxh4 20.Nxh4 Nf4 21.Bxf4 Rxf4 
22.g3 Rff8 23.Rad1 d4 24.e6 Bb5 25.e7 Rfc8 26.Nf5 Be8 27.Bxe8 Rxe8 28.Nd6 
Bf6 29.Re6 Bg5 30.Rde1 Kg7 31.h4 Bd2 32.Rf1 1-0

[Event "IX Festival Magistrale"]
[Site "Porto San Giorgio ITA"]
[Date "1997.08.24"]
[Round "5"]
[White "Negrini, Claudio"]
[Black "Zlochevskij, Alexander"]
[Result "0-1"]
[WhiteElo "2310"]
[BlackElo "2440"]
[PlyCount "52"]
[EventDate "1997.08.20"]

1.e4 d5 2.Nc3 e6 3.Nf3 d4 4.Ne2 c5 5.c3 Nf6 6.e5 Nfd7 7.d3 Nc6 8.Bf4 Be7 
9.Qd2 b6 10.Ng3 Bb7 11.Nh5 Rg8 12.Bg3 g6 13.Nf4 g5 14.Nh5 g4 15.Qh6 gxf3 
16.Qxh7 Rg6 17.Ng7+ Rxg7 18.Qxg7 Bf8 19.Qh8 dxc3 20.bxc3 Qg5 21.gxf3 Ncxe5
22.Be2 Nxf3+ 23.Bxf3 Bxf3 24.O-O O-O-O 25.d4 Bg7 26.Qh7 f5 0-1